000 00515nam a2200217Ia 4500
003 OSt
005 20140311163113.0
008 140130s9999 xx 000 0 und d
020 _a0439318513
050 _aPZ 7
_b.K679He 2001
100 _aKline, Suzy
_922979
245 _aHerbie jones /
_cKline, Suzy
260 _bScholastic,
_c2001.
_aNew York :
300 _a95 p. :
_bill. ;
_c18 cm.
440 _v1
_931012
521 _aG3
526 _c560
942 _cBK
_2lcc
999 _c40653
_d40653